000 00606cam a22002411 4500
001 sa 66002741
003 DLC
005 20260227112232.0
008 890907s1965 ii b 000 0 hino
010 _asa 66002741
035 _a(OCoLC)20311679
040 _aDLC
_cWaU
_dDLC
042 _apremarc
050 0 0 _aPK2646
_b.G8
100 1 _aGupta, Bansi Lal,
_d1922-
245 1 0 _aḌogarī:
_bbhāshā aura vyākaraṇa.
260 _c[1965]
300 _a226 p.
_c19 cm.
500 _aAdded title in Dogri.
500 _aIn Hindi.
504 _aBibliography: p. 226.
650 0 _aDogri language.
999 _c68581
_d68581